00533nam a2200205 a 4500001001300000003000900013005001700022008004100039020002300080082001600103245004400119260002900163300000900192500003500201505001000236650002100246650002000267650002000287710002000307nice12345678IN_TiNIC20260116013950.0050524s1991 dela grp 000 0 eng  a8170307 c30000a294.38bSRI aTwenty Five Suttas from Majjhimapannasa aDelhibSri Satguruc1991 a291p aincludes index and biblioraphy2 aIndex aBuddhism-Sources aSuttas-Buddhism aMajjhimapannasa2 aSri Satguru Pub